| 000 | 00442pab a2200169 454500 | ||
|---|---|---|---|
| 008 | 180718b2009 xxu||||| |||| 00| 0 eng d | ||
| 100 | _aBhatia, Vijay Kumar | ||
| 245 | _aIndia-Kazakhstan relations: challenges and prospects | ||
| 260 | _c2009 | ||
| 300 | _ap.19-21. | ||
| 362 | _a5 Sep | ||
| 650 | _aIndia - Foreign relations - Kazakhstan | ||
| 650 | _aInternational relations | ||
| 773 | _aMainstream | ||
| 908 | _aN | ||
| 909 | _a83887 | ||
| 999 |
_c83887 _d83887 |
||